Handbook on numerical technique lab ( Matlab base experiments) / (Record no. 13297)
[ view plain ]
| 000 -LEADER | |
|---|---|
| fixed length control field | 00348cam a2200121ua 4500 |
| 020 ## - INTERNATIONAL STANDARD BOOK NUMBER | |
| ISBN | 9788189866433 |
| 082 ## - DEWEY DECIMAL CLASSIFICATION NUMBER | |
| Classification number | 515 |
| Item number | MIS/HA |
| 100 ## - MAIN ENTRY--AUTHOR NAME | |
| Personal name | Mishra, K K . |
| 245 ## - TITLE STATEMENT | |
| Title | Handbook on numerical technique lab ( Matlab base experiments) / |
| 260 ## - PUBLICATION, DISTRIBUTION, ETC. (IMPRINT) | |
| Place of publication | New Delhi : |
| Name of publisher | I.K International Publishing House , |
| Year of publication | 2007. |
| 300 ## - PHYSICAL DESCRIPTION | |
| Number of Pages | 116 ; |
| Accompanying material | CD. |
| 942 ## - ADDED ENTRY ELEMENTS (KOHA) | |
| Koha item type | Books |
| Withdrawn status | Lost status | Damaged status | Home library | Current library | Date acquired | Full call number | Accession Number | Koha item type | Collection code | Shelving location |
|---|---|---|---|---|---|---|---|---|---|---|
| KAUAET | KAUAET | 07/04/2012 | 515 | 21461 | Books | |||||
| KAUAET | KAUAET | 31/03/2012 | 515 MIS/HA | 22283 | Books | Non-fiction | General Stacks | |||
| KAUAET | KAUAET | 31/03/2012 | 515 MIS/HA | 22284 | Books | Non-fiction | General Stacks |
